000 00322nam a22001457a 4500
003 OSt
005 20220303102332.0
008 220303b |||||||| |||| 00| 0 eng d
020 _a8178084236
040 _cH U
082 _22ed
_a970.285
100 _aMcMahon Chris
_931949
245 _aC A D CAM
942 _2ddc
_cBOOKS
_n0
999 _c32031
_d32031